Catàleg del Col·legi de Periodistes de Catalunya

Passos i costos (Registre núm. 6140)

000 -CABECERA
Longitud fija campo de control 00648nam a22001817a 4500
003 - IDENTIFICADOR DEL NÚMERO DE CONTROL
Identificador del número de control OSt
005 - FECHA Y HORA DE LA ÚLTIMA TRANSACCIÓN
Fecha y hora de la última transacción 20130425190843.0
008 - CÓDIGOS DE INFORMACIÓN DE LONGITUD FIJA
Códigos de información de longitud fija 130425b2003 sp ||||| |||| 00| 0 cat d
040 ## - FUENTE DE LA CATALOGACIÓN
Centro transcriptor CDMR
100 1# - PUNTO DE ACCESO PRINCIPAL-NOMBRE DE PERSONA
9 (RLIN) 3285
Nombre de persona Colomer i Espinet, Albert
245 10 - MENCIÓN DE TÍTULO
Título Passos i costos
Resto del título : per posar en marxa un projecte d'autoocupació
Mención de responsabilidad, etc. Albert Colomer i Espinet, Fundació Privada per a la Promoció de l'Autoocupació de Catalunya
250 ## - MENCIÓN DE EDICIÓN
Mención de edición 6a ed.
260 ## - PUBLICACIÓN, DISTRIBUCIÓN, ETC. (PIE DE IMPRENTA)
Lugar de publicación, distribución, etc. Barcelona
Nombre del editor, distribuidor, etc. Generalitat de Catalunya
260 ## - PUBLICACIÓN, DISTRIBUCIÓN, ETC. (PIE DE IMPRENTA)
Nombre del editor, distribuidor, etc. Fundació Privada per ala Promoció de l'Autoocupació de Catalunya
Fecha de publicación, distribución, etc. 2003
300 ## - DESCRIPCIÓN FÍSICA
Extensión 272 p.
650 04 - PUNTO DE ACCESO ADICIONAL DE MATERIA - TÉRMINO DE MATERIA
9 (RLIN) 3077
Término de materia o nombre geográfico como elemento inicial Emprenedoria
942 ## - ENTRADA DE ELEMENTOS AGREGADOS (KOHA)
Fuente de clasificaión o esquema
Koha [por defecto] tipo de item Monografies
Fons
Suprimido Perdido Estropeado No para préstamo Localización permanente Localización actual Fecha adquisición Préstamos totales Signatura completa Código de barras Fecha última consulta Fecha último préstamo Fecha del precio de reemplazo Tipo de item de Koha
        Centre de Documentació Montserrat Roig Centre de Documentació Montserrat Roig 2013-01-16 1 Af CDMR13046274 2013-09-19 2013-09-19 2013-04-25 Monografies

Implantat amb Koha